[Event "Winnipeg TNT April op"]
[Site "Winnipeg CAN"]
[Date "2008.04.22"]
[Round "4"]
[White "Gibson, Kris"]
[Black "Evans, Brian"]
[Result "1-0"]
[WhiteElo "1852"]
[BlackElo "1580"]
[PlyCount "83"]
[GameId "2160767910557526"]
[EventDate "2008.01.04"]
[EventType "swiss"]
[EventRounds "5"]
[EventCountry "CAN"]
[SourceTitle "EXT 2011"]
[Source "ChessBase"]
[SourceDate "2011.11.26"]
[SourceVersion "1"]
[SourceVersionDate "2011.11.26"]
[SourceQuality "1"]

1. e4 c5 2. c3 e6 3. d4 d5 4. Nd2 cxd4 5. cxd4 Bb4 6. exd5 Qxd5 7. Ngf3 Nc6 8. a3 Ba5 9. b4 Bb6 10. Bc4 Qd6 11. Ne4 Qd8 12. Bb2 f6 13. d5 exd5 14. Bxd5 Nce7 15. Nd6+ Kf8 16. Bb3 Nh6 17. Qd2 Nef5 18. Rd1 Nxd6 19. O-O Ndf7 20. Qc2 Qc7 21. Qe2 Bg4 22. Rfe1 Ng5 23. Nxg5 fxg5 24. Bxg7+ Kxg7 25. Qb2+ Kg6 26. Rd3 Bf5 27. Rc1 Bxf2+ 28. Kh1 Qb6 29. Rf3 Bd4 30. Qe2 Rac8 31. Rd1 Qc6 32. Rxd4 Bg4 33. Qd3+ Kh5 34. Rd6 Qc1+ 35. Bd1 Bxf3 36. Qxf3+ g4 37. Qh3+ Kg5 38. Qxh6+ Kf5 39. Qf6+ Ke4 40. Rd4+ Ke3 41. Qe5+ Kf2 42. Qe2# 1-0

[Event "Winnipeg TNT April op"]
[Site "Winnipeg CAN"]
[Date "2008.04.22"]
[Round "4"]
[White "Green, Aaron"]
[Black "Silva, T Romero"]
[Result "0-1"]
[WhiteElo "1644"]
[BlackElo "1773"]
[PlyCount "72"]
[GameId "2160767910557527"]
[EventDate "2008.01.04"]
[EventType "swiss"]
[EventRounds "5"]
[EventCountry "CAN"]
[SourceTitle "EXT 2011"]
[Source "ChessBase"]
[SourceDate "2011.11.26"]
[SourceVersion "1"]
[SourceVersionDate "2011.11.26"]
[SourceQuality "1"]

1. e4 e5 2. Nf3 Nf6 3. Nxe5 d6 4. Nf3 Nxe4 5. c4 c6 6. Nc3 Nxc3 7. dxc3 Be7 8. Bd3 O-O 9. O-O Bg4 10. Qc2 g6 11. Ne1 Nd7 12. h3 Be6 13. f4 Nc5 14. f5 Bd7 15. fxg6 fxg6 16. Bxg6 Rxf1+ 17. Kxf1 Qf8+ 18. Nf3 hxg6 19. Qxg6+ Qg7 20. Qxg7+ Kxg7 21. g4 Rf8 22. Kg2 Be6 23. b3 Bf6 24. Nd4 Bd7 25. Bf4 Be5 26. Bd2 Ne4 27. Be1 c5 28. Ne2 Bc6 29. Kg1 Ng5 30. Bg3 Nxh3+ 31. Kh2 Bxg3+ 32. Nxg3 Ng5 33. Nf5+ Kh7 34. Nxd6 Rf2+ 35. Kg3 Rf3+ 36. Kh2 Rh3+ 0-1

[Event "Winnipeg TNT April op"]
[Site "Winnipeg CAN"]
[Date "2008.04.22"]
[Round "4"]
[White "Green, Leah"]
[Black "Martens, Peter"]
[Result "1-0"]
[WhiteElo "1163"]
[BlackElo "1181"]
[PlyCount "136"]
[GameId "2160767910557528"]
[EventDate "2008.01.04"]
[EventType "swiss"]
[EventRounds "5"]
[EventCountry "CAN"]
[SourceTitle "EXT 2011"]
[Source "ChessBase"]
[SourceDate "2011.11.26"]
[SourceVersion "1"]
[SourceVersionDate "2011.11.26"]
[SourceQuality "1"]

1. e4 e5 2. Nf3 Nc6 3. Bc4 Nf6 4. d3 Bc5 5. Bg5 O-O 6. Nbd2 h6 7. Be3 Bxe3 8. fxe3 d6 9. Qe2 Nb4 10. O-O-O d5 11. exd5 Nfxd5 12. Kb1 Bg4 13. h3 Be6 14. Nxe5 Qd6 15. Nef3 a5 16. a3 Nc6 17. Bxd5 Qxd5 18. c4 Qd6 19. Ne4 Qd7 20. d4 Bf5 21. Nfd2 Bxe4+ 22. Nxe4 Qf5 23. Qf3 Ne7 24. Qxf5 Nxf5 25. Nc5 b6 26. Ne4 Nxe3 27. Rc1 Nxg2 28. Rhg1 Nf4 29. Rh1 Ne2 30. Rcd1 Rfe8 31. Nc3 Ng3 32. Rhe1 c6 33. Rxe8+ Rxe8 34. d5 cxd5 35. Nxd5 Rb8 36. Rd3 Ne4 37. Nc3 Nc5 38. Rd6 f5 39. b4 Ne4 40. Nxe4 fxe4 41. Rd1 axb4 42. axb4 Kf7 43. Kc1 Rc8 44. Rd4 Re8 45. Kd2 Kf6 46. Ke3 Kf5 47. Rd6 Rc8 48. Rd4 b5 49. cxb5 Rc3+ 50. Kd2 Rxh3 51. b6 Ke5 52. b7 Kxd4 53. b8=Q Rd3+ 54. Ke1 Re3+ 55. Kf2 Rf3+ 56. Kg2 Ke3 57. Qb6+ Kf4 58. Qd6+ Ke3 59. b5 Rf2+ 60. Kg1 Kf3 61. b6 e3 62. Qd3 Rg2+ 63. Kh1 Kf2 64. Qxe3+ Kxe3 65. Kxg2 g5 66. b7 g4 67. b8=Q h5 68. Qe5+ Kd3 1-0

[Event "Winnipeg TNT April op"]
[Site "Winnipeg CAN"]
[Date "2008.04.22"]
[Round "4"]
[White "Greenberg, Harley"]
[Black "Klusa, Lawrence"]
[Result "1-0"]
[WhiteElo "1720"]
[BlackElo "1291"]
[PlyCount "57"]
[GameId "2160767910557529"]
[EventDate "2008.01.04"]
[EventType "swiss"]
[EventRounds "5"]
[EventCountry "CAN"]
[SourceTitle "EXT 2011"]
[Source "ChessBase"]
[SourceDate "2011.11.26"]
[SourceVersion "1"]
[SourceVersionDate "2011.11.26"]
[SourceQuality "1"]

1. d4 d6 2. Nf3 g6 3. g3 Bg7 4. Bg2 Nf6 5. c4 Be6 6. Nc3 Bxc4 7. Qa4+ b5 8. Nxb5 Bxb5 9. Qxb5+ Qd7 10. Qb7 O-O 11. Qxa8 Nc6 12. Qb7 Rb8 13. Qa6 Nb4 14. Qc4 d5 15. Qb3 Nc6 16. Qd1 Nb4 17. O-O Ne4 18. Ne5 Qb5 19. a3 Nc6 20. Bf4 Nxe5 21. dxe5 e6 22. Bxe4 dxe4 23. Qd4 Qd5 24. Qxd5 exd5 25. Rfd1 c6 26. Rac1 Rb6 27. Rxd5 cxd5 28. Rc8+ Bf8 29. Bh6 1-0

[Event "Winnipeg TNT April op"]
[Site "Winnipeg CAN"]
[Date "2008.04.22"]
[Round "4"]
[White "Kong, Dezheng"]
[Black "Lauritson, Jim"]
[Result "1-0"]
[WhiteElo "1814"]
[BlackElo "1997"]
[PlyCount "83"]
[GameId "2160767910557530"]
[EventDate "2008.01.04"]
[EventType "swiss"]
[EventRounds "5"]
[EventCountry "CAN"]
[SourceTitle "EXT 2011"]
[Source "ChessBase"]
[SourceDate "2011.11.26"]
[SourceVersion "1"]
[SourceVersionDate "2011.11.26"]
[SourceQuality "1"]

1. d4 Nf6 2. c4 e6 3. Nc3 Bb4 4. Qc2 O-O 5. e3 b6 6. Nf3 Bb7 7. Be2 Ne4 8. O-O Bxc3 9. bxc3 d6 10. Ba3 Nd7 11. Nd2 f5 12. f3 Nxd2 13. Qxd2 Qh4 14. Qe1 Qg5 15. Qf2 Rf6 16. Rae1 Rh6 17. Bc1 Qh5 18. Qg3 Rg6 19. Qf2 Rf8 20. Bd3 Rff6 21. e4 f4 22. e5 Rh6 23. h3 dxe5 24. Re2 exd4 25. cxd4 Nf8 26. Bb2 Rf7 27. Rfe1 Qa5 28. Ba3 Qc3 29. Rd1 Ba6 30. Bb2 Qb4 31. Rc1 Nd7 32. Qe1 Qxe1+ 33. Rcxe1 Nf8 34. Ba3 Bc8 35. d5 exd5 36. Re8 Bd7 37. Rd8 Ba4 38. cxd5 c5 39. Re4 Bd7 40. Bc4 b5 41. Bxc5 bxc4 42. Re7 1-0

[Event "Winnipeg TNT April op"]
[Site "Winnipeg CAN"]
[Date "2008.04.22"]
[Round "4"]
[White "Mundwiler, Les"]
[Black "Liu, Weixi"]
[Result "1/2-1/2"]
[WhiteElo "2030"]
[BlackElo "1953"]
[PlyCount "72"]
[GameId "2160767910557532"]
[EventDate "2008.01.04"]
[EventType "swiss"]
[EventRounds "5"]
[EventCountry "CAN"]
[SourceTitle "EXT 2011"]
[Source "ChessBase"]
[SourceDate "2011.11.26"]
[SourceVersion "1"]
[SourceVersionDate "2011.11.26"]
[SourceQuality "1"]

1. d4 d5 2. c4 c6 3. Nf3 Nf6 4. Qc2 dxc4 5. Qxc4 e6 6. Bg5 h6 7. Bxf6 Qxf6 8. Nc3 g6 9. g3 Bg7 10. Bg2 O-O 11. O-O Qe7 12. e4 b6 13. Rfd1 Bb7 14. e5 Na6 15. Ne4 c5 16. Nd6 Rad8 17. dxc5 Bxf3 18. Bxf3 Nxc5 19. Qe2 Nd7 20. Nc4 b5 21. Na5 Nxe5 22. Bg2 Qb4 23. Nb7 Rxd1+ 24. Rxd1 Rc8 25. a3 Qb3 26. Nd6 Rc2 27. Qxb5 Rxb2 28. Qxb3 Rxb3 29. f4 Nf3+ 30. Kh1 Rxa3 31. Nb5 Ra5 32. Nxa7 Nxh2 33. Nc6 Rh5 34. Kg1 Bf8 35. Rc1 g5 36. Ne5 g4 1/2-1/2

[Event "Winnipeg TNT April op"]
[Site "Winnipeg CAN"]
[Date "2008.04.22"]
[Round "4"]
[White "Rumpel, Chris"]
[Black "Green, Jim"]
[Result "1/2-1/2"]
[WhiteElo "1754"]
[BlackElo "1667"]
[PlyCount "63"]
[GameId "2160767910557533"]
[EventDate "2008.01.04"]
[EventType "swiss"]
[EventRounds "5"]
[EventCountry "CAN"]
[SourceTitle "EXT 2011"]
[Source "ChessBase"]
[SourceDate "2011.11.26"]
[SourceVersion "1"]
[SourceVersionDate "2011.11.26"]
[SourceQuality "1"]

1. d4 d5 2. c4 c6 3. Nc3 Nf6 4. Nf3 a6 5. c5 Nbd7 6. a4 g6 7. e3 Bg7 8. Bd3 O-O 9. O-O Re8 10. e4 dxe4 11. Nxe4 Nxe4 12. Bxe4 Nf6 13. Bd3 Bg4 14. Be3 Nd5 15. h3 Bxf3 16. Qxf3 e5 17. dxe5 Bxe5 18. Bc4 Nf6 19. Rad1 Qc7 20. b4 Nh5 21. Rd3 Rad8 22. Rfd1 Rxd3 23. Rxd3 Nf4 24. Bxf4 Bxf4 25. g3 Bh6 26. Qd1 Qe5 27. Qb3 Re7 28. Rf3 Qc7 29. b5 cxb5 30. axb5 axb5 31. Qxb5 Bf8 32. Rb3 1/2-1/2

[Event "Winnipeg TNT April op"]
[Site "Winnipeg CAN"]
[Date "2008.04.22"]
[Round "4"]
[White "Wasserman, Leor"]
[Black "Gibbons, Lorne"]
[Result "1-0"]
[WhiteElo "1464"]
[BlackElo "1256"]
[PlyCount "37"]
[GameId "2160767910557535"]
[EventDate "2008.01.04"]
[EventType "swiss"]
[EventRounds "5"]
[EventCountry "CAN"]
[SourceTitle "EXT 2011"]
[Source "ChessBase"]
[SourceDate "2011.11.26"]
[SourceVersion "1"]
[SourceVersionDate "2011.11.26"]
[SourceQuality "1"]

1. e4 Nc6 2. Nf3 d6 3. Bc4 Bg4 4. O-O Bxf3 5. Qxf3 Ne5 6. Qb3 b6 7. d4 Nxc4 8. Qxc4 Qd7 9. Nc3 c6 10. Be3 b5 11. Qb3 a6 12. a4 e6 13. axb5 cxb5 14. d5 e5 15. Bb6 Qb7 16. Be3 Be7 17. Na4 Nf6 18. f3 bxa4 19. Qxb7 1-0

[Event "Winnipeg TNT April op"]
[Site "Winnipeg CAN"]
[Date "2008.04.22"]
[Round "4"]
[White "Wierda, John"]
[Black "Rutter, Blair"]
[Result "0-1"]
[WhiteElo "1707"]
[BlackElo "1831"]
[PlyCount "121"]
[GameId "2160767910557536"]
[EventDate "2008.01.04"]
[EventType "swiss"]
[EventRounds "5"]
[EventCountry "CAN"]
[SourceTitle "EXT 2011"]
[Source "ChessBase"]
[SourceDate "2011.11.26"]
[SourceVersion "1"]
[SourceVersionDate "2011.11.26"]
[SourceQuality "1"]

1. Nf3 d5 2. c4 c6 3. b3 Bg4 4. g3 Nd7 5. Bb2 Ngf6 6. Bg2 Qc7 7. O-O e5 8. cxd5 cxd5 9. d3 Bd6 10. Nc3 a6 11. Nd2 Nb6 12. Rc1 Qe7 13. h3 Be6 14. Kh2 Rd8 15. Nf3 h6 16. Nb1 Nbd7 17. Kg1 O-O 18. a3 b5 19. b4 Rc8 20. Qd2 Bb8 21. Rxc8 Rxc8 22. Rc1 Rxc1+ 23. Qxc1 Qd8 24. Nbd2 Qb6 25. Nb3 Bd6 26. Qc8+ Kh7 27. Qc2 g6 28. Na5 d4 29. Bc1 Nd5 30. Qd2 Bf8 31. Nh2 f5 32. g4 f4 33. Nf3 Qc7 34. Bb2 Bg7 35. Qc1 Nc3 36. Kf1 Nb6 37. Nd2 Nba4 38. Ba1 Bf8 39. Ne4 Be7 40. Qc2 Qc8 41. Nxc3 dxc3 42. Nc6 Bd6 43. Bxc3 Bd7 44. Ba1 h5 45. gxh5 Bxh3 46. hxg6+ Kg7 47. f3 Bd7 48. d4 Qxc6 49. Qxc6 Bxc6 50. dxe5 Be7 51. Bh3 Nb6 52. Bf5 Nc4 53. e6+ Kg8 54. Kf2 Nxa3 55. Be5 Nc4 56. Bxf4 Bxb4 57. Bh6 Be7 58. f4 a5 59. Bb1 a4 60. f5 a3 61. Ba2 0-1

[Event "Winnipeg TNT April op"]
[Site "Winnipeg CAN"]
[Date "2008.04.22"]
[Round "4"]
[White "Xue, Li"]
[Black "Kernetsky, Myron"]
[Result "0-1"]
[WhiteElo "1697"]
[BlackElo "1902"]
[PlyCount "50"]
[GameId "2160767910557537"]
[EventDate "2008.01.04"]
[EventType "swiss"]
[EventRounds "5"]
[EventCountry "CAN"]
[SourceTitle "EXT 2011"]
[Source "ChessBase"]
[SourceDate "2011.11.26"]
[SourceVersion "1"]
[SourceVersionDate "2011.11.26"]
[SourceQuality "1"]

1. d4 Nf6 2. c4 e6 3. Nc3 Bb4 4. a3 Bxc3+ 5. bxc3 c5 6. Bg5 Qa5 7. Bd2 Nc6 8. e3 d6 9. Bd3 e5 10. Qc2 Qd8 11. Ne2 O-O 12. f4 exf4 13. Nxf4 h6 14. d5 Ne5 15. Be2 Qe7 16. O-O Neg4 17. Rf3 Ne4 18. Be1 Bd7 19. Ne6 fxe6 20. Qxe4 Ne5 21. Rg3 Rae8 22. Bh5 exd5 23. Qxd5+ Be6 24. Qe4 Bxc4 25. Bxe8 Rf1# 0-1

[Event "Winnipeg TNT April op"]
[Site "Winnipeg CAN"]
[Date "2008.04.29"]
[Round "5"]
[White "Evans, Brian"]
[Black "Xue, Li"]
[Result "0-1"]
[WhiteElo "1580"]
[BlackElo "1697"]
[PlyCount "78"]
[GameId "2160767910557538"]
[EventDate "2008.01.04"]
[EventType "swiss"]
[EventRounds "5"]
[EventCountry "CAN"]
[SourceTitle "EXT 2011"]
[Source "ChessBase"]
[SourceDate "2011.11.26"]
[SourceVersion "1"]
[SourceVersionDate "2011.11.26"]
[SourceQuality "1"]

1. e4 c5 2. Nf3 Nc6 3. d4 e6 4. d5 exd5 5. exd5 Nce7 6. Nc3 d6 7. Bb5+ Bd7 8. Qe2 Nf6 9. Bg5 a6 10. Bd3 Qb6 11. Bxf6 gxf6 12. Ne4 O-O-O 13. O-O Nxd5 14. Qd2 f5 15. Ng3 Nb4 16. Bxf5 Nc6 17. Qd5 Ne7 18. Qxf7 Nxf5 19. Nxf5 Qxb2 20. Ne3 Bc6 21. Rab1 Qc3 22. Rb3 Qg7 23. Qxg7 Bxg7 24. Nd2 Rhf8 25. Ndc4 Rf4 26. Na5 Bb5 27. c4 Bc6 28. Nxc6 bxc6 29. Rfb1 Be5 30. Rb8+ Kd7 31. R1b7+ Ke8 32. Rxd8+ Kxd8 33. Rxh7 d5 34. g3 Rd4 35. Ra7 dxc4 36. Rxa6 Kc7 37. Ra4 c3 38. Rxd4 cxd4 39. Nc2 d3 0-1

[Event "Winnipeg TNT April op"]
[Site "Winnipeg CAN"]
[Date "2008.04.29"]
[Round "5"]
[White "Gibbons, Lorne"]
[Black "Martens, Peter"]
[Result "0-1"]
[WhiteElo "1256"]
[BlackElo "1181"]
[PlyCount "47"]
[GameId "2160767910557539"]
[EventDate "2008.01.04"]
[EventType "swiss"]
[EventRounds "5"]
[EventCountry "CAN"]
[SourceTitle "EXT 2011"]
[Source "ChessBase"]
[SourceDate "2011.11.26"]
[SourceVersion "1"]
[SourceVersionDate "2011.11.26"]
[SourceQuality "1"]

1. d4 d5 2. c4 c6 3. Nc3 Nf6 4. a4 Bf5 5. Bf4 Nbd7 6. e3 e6 7. c5 b6 8. b4 bxc5 9. dxc5 a5 10. b5 e5 11. bxc6 exf4 12. cxd7+ Qxd7 13. Bb5 fxe3 14. Bxd7+ Bxd7 15. Nxd5 exf2+ 16. Kxf2 Bxc5+ 17. Kf1 Ng4 18. Qe2+ Kd8 19. Nh3 h6 20. Rc1 Bd6 21. Nb6 Re8 22. Qd1 Ne3+ 23. Kg1 Nxd1 24. Rxd1 0-1

[Event "Winnipeg TNT April op"]
[Site "Winnipeg CAN"]
[Date "2008.04.29"]
[Round "5"]
[White "Gibson, Kris"]
[Black "Mundwiler, Les"]
[Result "0-1"]
[WhiteElo "1852"]
[BlackElo "2030"]
[PlyCount "51"]
[GameId "2160767910557540"]
[EventDate "2008.01.04"]
[EventType "swiss"]
[EventRounds "5"]
[EventCountry "CAN"]
[SourceTitle "EXT 2011"]
[Source "ChessBase"]
[SourceDate "2011.11.26"]
[SourceVersion "1"]
[SourceVersionDate "2011.11.26"]
[SourceQuality "1"]

1. e4 d6 2. Nf3 Nf6 3. e5 dxe5 4. Nxe5 Nbd7 5. f4 Nxe5 6. fxe5 Ng4 7. d4 g6 8. h3 Nh6 9. Bc4 Nf5 10. g4 Qxd4 11. gxf5 Qxc4 12. Nc3 Bxf5 13. Qf3 Qh4+ 14. Kf1 c6 15. Bf4 Bh6 16. Ne2 Bxf4 17. Nxf4 O-O 18. Re1 e6 19. Rg1 Kh8 20. Ng2 Bxh3 21. Re4 Bxg2+ 22. Rxg2 Qe7 23. Rf4 Rad8 24. Rf2 Qg5 25. Re4 Rd5 26. Rg2 0-1

[Event "Winnipeg TNT April op"]
[Site "Winnipeg CAN"]
[Date "2008.04.29"]
[Round "5"]
[White "Green, Jim"]
[Black "Wasserman, Arie"]
[Result "1-0"]
[WhiteElo "1667"]
[BlackElo "1622"]
[PlyCount "49"]
[GameId "2160767910557541"]
[EventDate "2008.01.04"]
[EventType "swiss"]
[EventRounds "5"]
[EventCountry "CAN"]
[SourceTitle "EXT 2011"]
[Source "ChessBase"]
[SourceDate "2011.11.26"]
[SourceVersion "1"]
[SourceVersionDate "2011.11.26"]
[SourceQuality "1"]

1. e4 e5 2. Nf3 Nc6 3. Bb5 Bc5 4. O-O Nf6 5. d3 d6 6. h3 h6 7. Nc3 Bd7 8. Na4 Bb6 9. Nxb6 axb6 10. Be3 O-O 11. c3 Na7 12. Bxd7 Qxd7 13. Nh4 Nc8 14. f4 Qe6 15. f5 Qe7 16. Qf3 Nh7 17. Qg3 Qf6 18. Nf3 Ne7 19. d4 Nc6 20. dxe5 dxe5 21. Rfd1 Rad8 22. Nh2 h5 23. Nf3 Kh8 24. Ng5 Rg8 25. Nxh7 1-0

[Event "Winnipeg TNT April op"]
[Site "Winnipeg CAN"]
[Date "2008.04.29"]
[Round "5"]
[White "Lauritson, Jim"]
[Black "Letain, Cory"]
[Result "1-0"]
[WhiteElo "1997"]
[BlackElo "1428"]
[PlyCount "65"]
[GameId "2160767910557543"]
[EventDate "2008.01.04"]
[EventType "swiss"]
[EventRounds "5"]
[EventCountry "CAN"]
[SourceTitle "EXT 2011"]
[Source "ChessBase"]
[SourceDate "2011.11.26"]
[SourceVersion "1"]
[SourceVersionDate "2011.11.26"]
[SourceQuality "1"]

1. d4 d5 2. c4 c6 3. Nf3 Nf6 4. Nc3 dxc4 5. a4 Bf5 6. e3 e6 7. Bxc4 Bb4 8. O-O Nbd7 9. Qe2 Qc7 10. e4 Bg6 11. d5 cxd5 12. exd5 O-O 13. Nb5 Qb6 14. dxe6 Rae8 15. exf7+ Bxf7 16. Be3 Bc5 17. a5 Qc6 18. Rac1 Kh8 19. Bxf7 Rxf7 20. b4 a6 21. Nbd4 Qd5 22. bxc5 Ng4 23. h3 Nxe3 24. fxe3 Rfe7 25. Rc3 Nxc5 26. Qc2 Ne4 27. Rc8 Ng3 28. Rc5 Qf7 29. Rf2 Rxe3 30. Ng5 Re1+ 31. Kh2 Rh1+ 32. Kxg3 Re3+ 33. Ndf3 1-0

[Event "Winnipeg TNT April op"]
[Site "Winnipeg CAN"]
[Date "2008.04.29"]
[Round "5"]
[White "Martens, James"]
[Black "Green, Leah"]
[Result "0-1"]
[WhiteElo "1138"]
[BlackElo "1163"]
[PlyCount "70"]
[GameId "2160767910557544"]
[EventDate "2008.01.04"]
[EventType "swiss"]
[EventRounds "5"]
[EventCountry "CAN"]
[SourceTitle "EXT 2011"]
[Source "ChessBase"]
[SourceDate "2011.11.26"]
[SourceVersion "1"]
[SourceVersionDate "2011.11.26"]
[SourceQuality "1"]

1. Nf3 Nc6 2. b3 e5 3. Bb2 d6 4. Nc3 Nf6 5. e3 Bg4 6. Bb5 Be7 7. Bxc6+ bxc6 8. Qe2 Bxf3 9. Qxf3 Qd7 10. O-O-O O-O 11. d4 exd4 12. Rxd4 c5 13. Ra4 c6 14. Ra6 Rfc8 15. Rd1 Qb7 16. Ne4 Nxe4 17. Qxe4 Qxa6 18. Qxe7 Qe2 19. Rd2 Qe1+ 20. Rd1 Qxf2 21. Rxd6 h6 22. Ba3 Re8 23. Bxc5 Rxe7 24. Rd2 Qf6 25. Rd6 Qa1+ 26. Kd2 Qxa2 27. Rxc6 Rd7+ 28. Bd4 Rd5 29. Rc5 Rxc5 30. Bxc5 Qa5+ 31. c3 Qxc5 32. b4 Rd8+ 33. Kc2 Qd6 34. Kb3 Qe5 35. Kc4 Qd5# 0-1

[Event "Winnipeg TNT April op"]
[Site "Winnipeg CAN"]
[Date "2008.04.29"]
[Round "5"]
[White "Silva, T Romero"]
[Black "Rumpel, Chris"]
[Result "1-0"]
[WhiteElo "1773"]
[BlackElo "1754"]
[PlyCount "55"]
[GameId "2160767910557545"]
[EventDate "2008.01.04"]
[EventType "swiss"]
[EventRounds "5"]
[EventCountry "CAN"]
[SourceTitle "EXT 2011"]
[Source "ChessBase"]
[SourceDate "2011.11.26"]
[SourceVersion "1"]
[SourceVersionDate "2011.11.26"]
[SourceQuality "1"]

1. d4 d5 2. c4 c6 3. cxd5 cxd5 4. g3 Nf6 5. Nf3 e6 6. a3 Bd6 7. Bg2 Nc6 8. O-O O-O 9. Nc3 a6 10. Re1 b5 11. Bg5 h6 12. Bxf6 Qxf6 13. Qd3 Na5 14. Nd2 Bb7 15. Rac1 Qe7 16. e4 dxe4 17. Ncxe4 Bd5 18. b4 Nb7 19. Nc5 Bxg2 20. Kxg2 Rfd8 21. Qe3 Bb8 22. Ndb3 Nd6 23. Qf3 Ra7 24. Na5 Qe8 25. Nc6 Nf5 26. Nxd8 Qxd8 27. Rcd1 Qc7 28. d5 1-0

[Event "Winnipeg TNT April op"]
[Site "Winnipeg CAN"]
[Date "2008.04.29"]
[Round "5"]
[White "Wasserman, Leor"]
[Black "Greenberg, Harley"]
[Result "0-1"]
[WhiteElo "1464"]
[BlackElo "1720"]
[PlyCount "52"]
[GameId "2160767910557546"]
[EventDate "2008.01.04"]
[EventType "swiss"]
[EventRounds "5"]
[EventCountry "CAN"]
[SourceTitle "EXT 2011"]
[Source "ChessBase"]
[SourceDate "2011.11.26"]
[SourceVersion "1"]
[SourceVersionDate "2011.11.26"]
[SourceQuality "1"]

1. e4 c5 2. Nf3 Nc6 3. d4 cxd4 4. Nxd4 Nf6 5. Nc3 e5 6. Nf3 Bb4 7. Bd2 Bxc3 8. Bxc3 Nxe4 9. Bxe5 Nxe5 10. Nxe5 Qa5+ 11. c3 Qxe5 12. Be2 O-O 13. O-O d6 14. Re1 Qc5 15. Rf1 Bf5 16. Bd3 Rfe8 17. Qf3 Bg6 18. Rad1 f5 19. Rfe1 Re5 20. Bxe4 Rxe4 21. Rxe4 fxe4 22. Qh3 Re8 23. Qd7 e3 24. fxe3 Qxe3+ 25. Kh1 Qe1+ 26. Rxe1 Rxe1# 0-1

[Event "Winnipeg TNT April op"]
[Site "Winnipeg CAN"]
[Date "2008.04.29"]
[Round "5"]
[White "Wierda, John"]
[Black "Kong, Dezheng"]
[Result "0-1"]
[WhiteElo "1707"]
[BlackElo "1814"]
[PlyCount "81"]
[GameId "2160767910557547"]
[EventDate "2008.01.04"]
[EventType "swiss"]
[EventRounds "5"]
[EventCountry "CAN"]
[SourceTitle "EXT 2011"]
[Source "ChessBase"]
[SourceDate "2011.11.26"]
[SourceVersion "1"]
[SourceVersionDate "2011.11.26"]
[SourceQuality "1"]

1. Nf3 Nf6 2. g3 g6 3. Bg2 Bg7 4. O-O O-O 5. c4 c5 6. Nc3 Nc6 7. a3 d6 8. d3 a6 9. Rb1 Bd7 10. b4 b6 11. Nd2 Rb8 12. b5 axb5 13. Nxb5 Na5 14. a4 Bxb5 15. axb5 d5 16. Nb3 Nxb3 17. Rxb3 e6 18. Ra3 Ra8 19. Qb3 Rxa3 20. Bxa3 Re8 21. Bb2 Qd7 22. Ra1 Rd8 23. Ra6 Qd6 24. Bc1 dxc4 25. Qxc4 Nd5 26. Bd2 Qe5 27. Bxd5 exd5 28. Qc2 Qxe2 29. Rxb6 Bh6 30. Rc6 Qxd2 31. Qxc5 Qxd3 32. b6 Bf8 33. Qa5 Qb1+ 34. Kg2 d4 35. Qe5 Qf5 36. Qc7 Qd5+ 37. Kg1 d3 38. Rc1 d2 39. Rd1 Qb3 40. Qxd8 Qxd1+ 41. Kg2 0-1

[Event "Winnipeg TNT August op"]
[Site "Winnipeg CAN"]
[Date "2008.08.05"]
[Round "1"]
[White "Gibbons, Lorne"]
[Black "Czypinski, Jaroslaw"]
[Result "0-1"]
[WhiteElo "1188"]
[BlackElo "1840"]
[PlyCount "62"]
[GameId "2160767910336814"]
[EventDate "2008.08.05"]
[EventType "swiss"]
[EventRounds "4"]
[EventCountry "CAN"]
[SourceTitle "EXT 2011"]
[Source "ChessBase"]
[SourceDate "2011.11.26"]
[SourceVersion "1"]
[SourceVersionDate "2011.11.26"]
[SourceQuality "1"]

1. d4 Nf6 2. c4 e6 3. a3 b6 4. Nc3 Bb7 5. f3 c5 6. d5 exd5 7. cxd5 Bd6 8. e4 Nh5 9. Nh3 O-O 10. Bd3 Qh4+ 11. Kf1 Nf4 12. Bxf4 Bxf4 13. Nxf4 Qxf4 14. Ne2 Qe5 15. Qb3 f5 16. Qc3 Qxc3 17. Nxc3 fxe4 18. Bxe4 d6 19. Kf2 Nd7 20. Rad1 a6 21. Rhe1 Rae8 22. h3 g6 23. Re3 Nf6 24. g4 b5 25. Kg3 Re7 26. Rde1 Rfe8 27. Kh4 Kg7 28. g5 Nh5 29. Kg4 Rf7 30. Bxg6 Rf4+ 31. Kxh5 hxg6# 0-1

[Event "Winnipeg TNT August op"]
[Site "Winnipeg CAN"]
[Date "2008.08.05"]
[Round "1"]
[White "Green, Aaron"]
[Black "Babb, Jeff"]
[Result "0-1"]
[WhiteElo "1715"]
[BlackElo "2131"]
[PlyCount "44"]
[GameId "2160767910336815"]
[EventDate "2008.08.05"]
[EventType "swiss"]
[EventRounds "4"]
[EventCountry "CAN"]
[SourceTitle "EXT 2011"]
[Source "ChessBase"]
[SourceDate "2011.11.26"]
[SourceVersion "1"]
[SourceVersionDate "2011.11.26"]
[SourceQuality "1"]

1. e4 e5 2. Nf3 Nc6 3. Bb5 a6 4. Bxc6 dxc6 5. O-O Bd6 6. d4 exd4 7. Qxd4 f6 8. Be3 Be6 9. Nbd2 c5 10. Qc3 b6 11. Rfd1 Qe7 12. Nc4 Bxc4 13. Qxc4 Qf7 14. Qd5 Qxd5 15. Rxd5 Ne7 16. Rd2 O-O-O 17. Rad1 Nc6 18. Ne1 Rde8 19. f3 f5 20. Rxd6 cxd6 21. Rxd6 Kc7 22. Bf4 g5 0-1

[Event "Winnipeg TNT August op"]
[Site "Winnipeg CAN"]
[Date "2008.08.05"]
[Round "1"]
[White "Kernetsky, Myron"]
[Black "Evans, Brian"]
[Result "1-0"]
[WhiteElo "1950"]
[BlackElo "1516"]
[PlyCount "69"]
[GameId "2160767910336816"]
[EventDate "2008.08.05"]
[EventType "swiss"]
[EventRounds "4"]
[EventCountry "CAN"]
[SourceTitle "EXT 2011"]
[Source "ChessBase"]
[SourceDate "2011.11.26"]
[SourceVersion "1"]
[SourceVersionDate "2011.11.26"]
[SourceQuality "1"]

1. d4 Nf6 2. c4 e6 3. Nf3 b6 4. a3 Bb7 5. e3 d5 6. Nc3 Bd6 7. cxd5 exd5 8. Bd3 O-O 9. Qc2 h6 10. Bd2 Re8 11. Nb5 Nc6 12. Rc1 a6 13. Nxd6 Qxd6 14. O-O Ne4 15. Be1 Rac8 16. Nd2 Kh8 17. f3 Nxd2 18. Bxd2 g6 19. Rfe1 Re7 20. Bc3 Rce8 21. Qf2 Kh7 22. Bd2 Qf6 23. Rc2 Bc8 24. Rec1 Bb7 25. Bxa6 Nxd4 26. Bxb7 Nxc2 27. Rxc2 Qf5 28. e4 dxe4 29. Bxe4 Qd7 30. Qe3 f5 31. Qxh6+ Kg8 32. Qxg6+ Rg7 33. Qxf5 Qxf5 34. Bxf5 Re2 35. g3 1-0